Lakshmi Bai : (Record no. 130744)
[ view plain ]
| 000 -LEADER | |
|---|---|
| fixed length control field | 00702nam a22002177a 4500 |
| 005 - DATE AND TIME OF LATEST TRANSACTION | |
| control field | 20170124110116.0 |
| 010 ## - LIBRARY OF CONGRESS CONTROL NUMBER | |
| LC control number | B-079314 |
| 020 ## - INTERNATIONAL STANDARD BOOK NUMBER | |
| Terms of availability | 400.00 |
| International Standard Book Number | 8187100540 |
| 035 ## - SYSTEM CONTROL NUMBER | |
| System control number | B-079314 |
| 037 ## - SOURCE OF ACQUISITION | |
| Source of stock number/acquisition | Cen Lib/Ret |
| 040 ## - CATALOGING SOURCE | |
| Original cataloging agency | DPL |
| Language of cataloging | EN |
| 082 ## - DEWEY DECIMAL CLASSIFICATION NUMBER | |
| Classification number | 954.084 |
| Item number | VAR |
| 100 ## - MAIN ENTRY--PERSONAL NAME | |
| Personal name | Varma, Vrindavan Lal |
| 9 (RLIN) | 29998 |
| 245 ## - TITLE STATEMENT | |
| Title | Lakshmi Bai : |
| Statement of responsibility, etc | by Vrindavan Lal Varma |
| Remainder of title | the rani of Jhansi / |
| 260 ## - PUBLICATION, DISTRIBUTION, ETC. (IMPRINT) | |
| Place of publication, distribution, etc | New Delhi |
| Name of publisher, distributor, etc | Ocean Books |
| Date of publication, distribution, etc | 2001 |
| 270 ## - ADDRESS | |
| Address | 4/19 Asaf Ali Road |
| City | New Delhi |
| Postal code | 110002 |
| 300 ## - PHYSICAL DESCRIPTION | |
| Extent | 312p. |
| Dimensions | 21cm(Hb) |
| 650 ## - SUBJECT ADDED ENTRY--TOPICAL TERM | |
| Topical term or geographic name as entry element | Sepoy Rebellion (India :--1857-1858) |
| 9 (RLIN) | 29999 |
| 650 ## - SUBJECT ADDED ENTRY--TOPICAL TERM | |
| Topical term or geographic name as entry element | Lakshmibai, -- Rani of Jhansi, -- 1828-1858 -- Fiction |
| 9 (RLIN) | 30000 |
| 942 ## - ADDED ENTRY ELEMENTS (KOHA) | |
| Source of classification or shelving scheme | Dewey Decimal Classification |
| Koha item type | English Books |
| Classification part | 954.084 |
| Call number suffix | VAR |
| Withdrawn status | Lost status | Damaged status | Not for loan | Home library | Current library | Date acquired | Source of acquisition | Cost, normal purchase price | Total Checkouts | Total Renewals | Full call number | Barcode | Date last seen | Date checked out | Copy number | Cost, replacement price | Price effective from | Koha item type | Source of classification or shelving scheme |
|---|---|---|---|---|---|---|---|---|---|---|---|---|---|---|---|---|---|---|---|
| Central Library | Central Library | 10/07/2015 | Cen Lib/Ret | 400.00 | 1 | 2 | 954.084 VAR | B-079314 | 16/12/2021 | 11/11/2021 | 1 | 400.00 | 10/07/2015 | English Books | |||||
| Central Library | Central Library | 06/10/2016 | 400.00 | 954.084 VAR | 041559 | 06/10/2016 | 2 | 400.00 | 06/10/2016 | English Books | Dewey Decimal Classification |
